Everyday math for the building trades / (Record no. 9313)

MARC details
000 -LEADER
fixed length control field 01039nac a22002531u 4500
010 ## - LIBRARY OF CONGRESS CONTROL NUMBER
LC control number 96043292
020 ## - INTERNATIONAL STANDARD BOOK NUMBER
International Standard Book Number 0070242666
082 00 - DEWEY DECIMAL CLASSIFICATION NUMBER
Classification number 690.0151
Item number GER
090 ## - LOCALLY ASSIGNED LC-TYPE CALL NUMBER (OCLC); LOCAL CALL NUMBER (OCLC)
-- 9313
-- 9313
100 ## - MAIN ENTRY--PERSONAL NAME
Personal name Gerhart, James.
245 10 - TITLE STATEMENT
Title Everyday math for the building trades /
Statement of responsibility, etc James Gerhart.
260 ## - PUBLICATION, DISTRIBUTION, ETC. (IMPRINT)
Place of publication, distribution, etc New York :
Name of publisher, distributor, etc McGraw-Hill,c1997.
Date of publication, distribution, etc c1997.
300 ## - PHYSICAL DESCRIPTION
Extent viii, 247 p. :
Other physical details ill. ;
Dimensions 21 cm.
500 ## - GENERAL NOTE
General note "A time-saving field guide"--Cover.
500 ## - GENERAL NOTE
General note Includes index.
500 ## - GENERAL NOTE
General note Distributer: AL-Ahram.
511 ## - PARTICIPANT OR PERFORMER NOTE
Participant or performer note Catalogued By: Mahitab.
650 #0 - SUBJECT ADDED ENTRY--TOPICAL TERM
Topical term or geographic name as entry element Building
General subdivision Mathematics.
856 42 - ELECTRONIC LOCATION AND ACCESS
Materials specified Contributor biographical information
Uniform Resource Identifier <a href="http://www.loc.gov/catdir/enhancements/fy0602/96043292-b.html">http://www.loc.gov/catdir/enhancements/fy0602/96043292-b.html</a>
856 42 - ELECTRONIC LOCATION AND ACCESS
Materials specified Publisher description
Uniform Resource Identifier <a href="http://www.loc.gov/catdir/enhancements/fy0602/96043292-d.html">http://www.loc.gov/catdir/enhancements/fy0602/96043292-d.html</a>
856 42 - ELECTRONIC LOCATION AND ACCESS
Materials specified Table of contents only
Uniform Resource Identifier <a href="http://www.loc.gov/catdir/enhancements/fy0602/96043292-t.html">http://www.loc.gov/catdir/enhancements/fy0602/96043292-t.html</a>
942 ## - ADDED ENTRY ELEMENTS (KOHA)
Item type Book - Borrowing
Call number prefix 690.0151GER
Holdings
Withdrawn status Item status Damaged status Not for loan Home library Current library Shelving location Date acquired Source of acquisition Total Checkouts Full call number Barcode Date last seen Cost, replacement price Koha item type
        Central Library Central Library First floor 30/04/2008 Purchase   690.0151GER 000011237 15/07/2025 109.80 Book - Borrowing
        Central Library Central Library First floor 30/04/2008 Purchase   690.0151GER 000011828 15/07/2025   Book - Borrowing